Primary Ghost Type Pokémon - Statistics

General Stats
  • This quiz has been taken 29 times
    17 since last reset
  • The average score is 20 of 23
Answer Stats
Region Number Secondary Type Answer % Correct
Kanto 0092 Poison Gastly
100%
0094 Poison Gengar
100%
0094 Poison Gigantamax Gengar
100%
0093 Poison Haunter
100%
0094 Poison Mega Gengar
100%
0778 Fairy Mimikyu
100%
0609 Fire Chandelure
85%
0781 Grass Dhelmise
85%
0426 Flying Drifblim
85%
Sinnoh 0425 Flying Drifloon
85%
0487 Dragon Giratina (Altered Forme)
85%
0487 Dragon Giratina (Origin Forme)
85%
0711 Grass Gourgeist
85%
0608 Fire Lampent
85%
Unova 0607 Fire Litwick
85%
Alola 0741 Flying Oricorio (Sensu Style)
85%
0770 Ground Palossand
85%
Kalos 0708 Grass Phantump
85%
0710 Grass Pumpkaboo
85%
0769 Ground Sandygast
85%
0442 Dark Spiritomb
85%
0709 Grass Trevenant
85%
Paldea 0987 Fairy Flutter Mane
77%
No matching quizzes found
Score Distribution
Percent of People with Each Score
Percentile by Number Answered
Your Score History
You have not taken this quiz since the last reset